Größte Universitäten in Deutschland - Statistiken

Allgemein
  • Dieses Quiz wurde 105 mal gespielt
  • Das Durchschnittsergebnis liegt bei 14 aus 20
Antwortstatistiken
Hint Antwort % Korrekt
41.548 Freie Universität Berlin
97%
40.332 Humboldt-Universität zu Berlin
97%
51.007 Ludwig-Maximilians-Universität München
97%
34.224 Technische Universität Berlin
97%
47.751 Technische Universität München
97%
43.103 Universität Hamburg
95%
47.228 Universität zu Köln
92%
43.461 Johann Wolfgang Goethe-Universität Frankfurt am Main
87%
33.943 Heinrich-Heine-Universität Düsseldorf
80%
39.658 Friedrich-Alexander-Universität Erlangen-Nürnberg
76%
41.421 Universität Duisburg-Essen
76%
32.288 Technische Universität Dortmund
72%
43.728 Universität Münster
65%
36.805 Rheinische Friedrich-Wilheilms-Universität Bonn
63%
42.089 Ruhr-Universität Bochum
55%
47.511 Rheinisch-Westfälische Technische Hochschule Aachen
54%
67.689 Fernuniversität in Hagen
46%
85.483 IU Internationale Hochschule
15%
53.836 FOM Hochschule für Oekonomie & Management – University of Applied Sciences
1%
32.588 Duale Hochschule Baden-Württemberg
0%
Keine übereinstimmenden Quizze gefunden
Verteilung der Resultate
Anzahl Personen mit jedem Resultat
Perzentil nach korrekt beantworteten Fragen
Ihre Resultats-Entwicklung
Sie haben dieses Quiz noch nicht gespielt